000
00246 a2200097 4500
001
54367
100
_a
Skoog, Douglas A.
245
_a
Fundamentals of analytical chemistry, 8th Ed
260
_a
Ibd
_b
NBF IBD
_c
2000
090
_c
33861
_d
33861
942
_a
NUST-CAE
_c
MONOGRAPH
_c
26515
999
_c
289440
_d
289440